000 00589nam a2200217Ia 4500
003 OSt
005 20220928141936.0
006 a|||||r|||| 00| 0
007 ta
008 220927b |||||||| |||| 00| 0 eng d
024 _a18362
037 _cAnnuals, Advances
040 _aSDCL
_cSDCL
_beng
041 _2eng
_aeng
082 _aO5,2M:g(NT), L2
100 _aGaskell Ronald
245 0 _aDrama and reality
_b The European theature since Ibsen.
260 _c1972
942 _hO5,2M:g(NT), L2
_cREF
_2CC
999 _c820606
_d820606